The roots of American order / (Record no. 184912)
[ view plain ]
| 000 -LEADER | |
|---|---|
| fixed length control field | 01057 a2200217 4500 |
| 003 - CONTROL NUMBER IDENTIFIER | |
| control field | Nust |
| 005 - DATE AND TIME OF LATEST TRANSACTION | |
| control field | 20221220112721.0 |
| 010 ## - LIBRARY OF CONGRESS CONTROL NUMBER | |
| LC control number | 74013521 |
| 020 ## - INTERNATIONAL STANDARD BOOK NUMBER | |
| International Standard Book Number | 0875482929 |
| 040 ## - CATALOGING SOURCE | |
| Transcribing agency | Nust |
| 082 00 - DEWEY DECIMAL CLASSIFICATION NUMBER | |
| Classification number | 320.09,KIR |
| 100 1# - MAIN ENTRY--PERSONAL NAME | |
| Personal name | Kirk, Russell. |
| 9 (RLIN) | 105314 |
| 245 14 - TITLE STATEMENT | |
| Title | The roots of American order / |
| Statement of responsibility, etc. | Russell Kirk |
| 250 ## - EDITION STATEMENT | |
| Edition statement | [1st ed.] |
| 260 ## - PUBLICATION, DISTRIBUTION, ETC. | |
| Place of publication, distribution, etc. | LaSalle, Ill., |
| Name of publisher, distributor, etc. | Open Court |
| Date of publication, distribution, etc. | [1974] |
| 300 ## - PHYSICAL DESCRIPTION | |
| Extent | xvi, 534 p. |
| Dimensions | 24 cm. |
| 505 ## - FORMATTED CONTENTS NOTE | |
| Formatted contents note | Order the First Need of All (Page-3), The Law and the Prophets (Page-11), Glory and Ruin the Greek World (Page-51), Virtue and Power the Tension (Page-97), The Genius of Christianity (Page-137), The Light of the Middle Ages (Page-177), The Reformers Drum (Page-221), The Constitution of Church and State (Page-259), Salutary Neglect the Colonial order (Page-301), Eighteenth Century Intellects (Page-347), Declaration of Constitution (Page-393), Contending Against American Disorder (Page-441). |
| 650 #0 - SUBJECT ADDED ENTRY--TOPICAL TERM | |
| Topical term or geographic name entry element | political science |
| 9 (RLIN) | 335 |
| 650 #0 - SUBJECT ADDED ENTRY--TOPICAL TERM | |
| Topical term or geographic name entry element | Political science |
| General subdivision | History. |
| 9 (RLIN) | 105315 |
| 942 ## - ADDED ENTRY ELEMENTS (KOHA) | |
| Source of classification or shelving scheme | |
| Koha item type | Book |
| Call number prefix | 320.09,KIR |
| Withdrawn status | Lost status | Source of classification or shelving scheme | Damaged status | Not for loan | Permanent Location | Current Location | Shelving location | Date acquired | Full call number | Barcode | Date last seen | Price effective from | Koha item type | Public note |
|---|---|---|---|---|---|---|---|---|---|---|---|---|---|---|
| Military College of Signals (MCS) | Military College of Signals (MCS) | General Stacks | 12/12/2016 | 320.09,KIR | MCS21742 | 12/08/2016 | 12/12/2016 | Book | Almirah No.49, Shelf No.4 |
